• 首页
  • 本馆介绍
  • 公告通知
  • 最新文献
  • 馆藏检索
  • 电子资源
  • 读者导购
  • 参考咨询
  • 我的图书馆
  • 登录
  • 详细信息显示
  • 放入我的书架
  • 预约/预借图书
  • 作者相关作品
  • 分类相关作品
  • 丛书相关作品
  • 出版社相关作品

书目信息

  • 表格格式
  • 工作单格式
  • 卡片格式
题名:
儒家文化与民族复兴
    
 
作者: 陈来 著
分册:  
出版信息: 北京   中华书局  2020.5
页数: 277页
开本: 21cm
丛书名:
单 册:
中图分类: B222.05
科图分类:
主题词: 儒家--ru jia--传统文化--研究
电子资源:
ISBN: 978-7-101-14498-7
000 01210nam0 2200229 450
001 2131059895
005 20211029202829.0
010    @a978-7-101-14498-7@b精装@dCNY45.00
100    @a20200426d2020 em y0chiy0110 ea
101 0  @achi
102    @aCN@b110000
105    @ay z 000yy
106    @ar
200 1  @a儒家文化与民族复兴@Aru jia wen hua yu min zu fu xing@f陈来著
210    @a北京@c中华书局@d2020.5
215    @a277页@d21cm
330    @a在新时代,我们应该如何认识传统文化?中国人的精神世界是怎样的?我们的核心价值是什么?中华民族如何复兴?陈来先生重新审视传统文化、国学,从中西比较的广阔视野,以世界眼光来分析儒家文化的人文精神,重塑儒学的社会价值,阐明中华民族复兴的条件,希冀从中华优秀传统文化中吸取滋养现代人心灵的养分,弘扬古圣鸿儒的思想精华,探索国学研究的新途径。中国人重视的“以人为本”“协和万邦”“极高明而道中庸”的处世原则等,都是人们“日用而不知”的文化传统。陈来先生不仅重视从理论上阐明百年国学的发展概况,而且倡导传统文化在新时代的创造性转化,希望现代人学习王阳明、朱熹等大思想家的智慧,提升自己的精神境界。
606 0  @a儒家@Aru jia@x传统文化@x研究
690    @aB222.05@v5
701  0 @a陈来@Achen lai@4著
801  0 @aCN@b百万庄@c20211029
905    @b1313623-26@dB222.05@e1026@f4
    
    儒家文化与民族复兴/陈来著.-北京:中华书局,2020.5
    277页;21cm
    
    
    ISBN 978-7-101-14498-7(精装):CNY45.00
    在新时代,我们应该如何认识传统文化?中国人的精神世界是怎样的?我们的核心价值是什么?中华民族如何复兴?陈来先生重新审视传统文化、国学,从中西比较的广阔视野,以世界眼光来分析儒家文化的人文精神,重塑儒学的社会价值,阐明中华民族复兴的条件,希冀从中华优秀传统文化中吸取滋养现代人心灵的养分,弘扬古圣鸿儒的思想精华,探索国学研究的新途径。中国人重视的“以人为本”“协和万邦”“极高明而道中庸”的处世原则等,都是人们“日用而不知”的文化传统。陈来先生不仅重视从理论上阐明百年国学的发展概况,而且倡导传统文化在新时代的创造性转化,希望现代人学习王阳明、朱熹等大思想家的智慧,提升自己的精神境界。
●
相关链接 在E读中查询图书 在五车中查询图书 在当当中查询图书 在豆瓣中查询图书


正题名:儒家文化与民族复兴     索取号:B222.05/1026         预约/预借

序号 登录号 条形码 馆藏地/架位号 状态 备注
1 1313623   213136239   第一样本阅览室/ [索取号:B222.05/1026] 在馆    
2 1313624   213136248   第一借阅区/ [索取号:B222.05/1026] 在馆    
3 1313625   213136257   第一借阅区/ [索取号:B222.05/1026] 在馆    
4 1313626   213136266   第一借阅区/ [索取号:B222.05/1026] 在馆    
唐山师范学院图书馆 欢迎您!
大连网信软件有限公司© 版权所有